Nomination of Gordon H. Mansfield : hearing before the Committee on Banking, Housing, and Urban Affairs, United States Senate, One Hundred First Congress, first session, on the nomination of Gordon H. Mansfield, of Virginia, to be an Assistant Secretary for Fair Housing and Equal Opportunity, Department of Housing and Urban Development ... November 20, 1989.

Bibliographic Details
Corporate Authors: United States. Congress. Senate. Committee on Banking, Housing, and Urban Affairs, ProQuest (Firm)
Format: Government Document eBook
Language:English
Published: Washington : U.S. G.P.O., 1990.
Series:U.S. Congressional Hearings.
Subjects:
Online Access:Connect to the full text of this electronic book

MARC

Tag First Indicator Second Indicator Subfields
LEADER 00000cam a22000001a 4500
001 in00003292000
005 20190404185227.0
006 m d f
007 cr bn mmmapmmp
008 091021s1990 dcu o f000 0 eng d
035 |a cis2007457395 
040 |a UMI  |c UMI  |d UtOrBLW 
043 |a n-us--- 
074 |a 1035-C, 1035-D (MF) 
086 0 |a Y 4.B 22/3:S.hrg.101-415 
099 |a HRG-1989-BHU-0052 
110 1 |a United States.  |b Congress.  |b Senate.  |b Committee on Banking, Housing, and Urban Affairs. 
245 1 0 |a Nomination of Gordon H. Mansfield :  |b hearing before the Committee on Banking, Housing, and Urban Affairs, United States Senate, One Hundred First Congress, first session, on the nomination of Gordon H. Mansfield, of Virginia, to be an Assistant Secretary for Fair Housing and Equal Opportunity, Department of Housing and Urban Development ... November 20, 1989. 
264 1 |a Washington :  |b U.S. G.P.O.,  |c 1990. 
300 |a 1 online resource. 
336 |a text  |b txt  |2 rdacontent 
337 |a computer  |b c  |2 rdamedia 
338 |a online resource  |b cr  |2 rdacarrier 
490 1 |a S. hrg. ;  |v 101-415 
500 |a Record is based on bibliographic data in ProQuest Congressional Hearings Digital Collection. Reuse except for individual research requires license from ProQuest, LLC. 
538 |a System requirements: PDF reader software. 
500 |a Electronic resource. 
600 1 0 |a Mansfield, Gordon Hall,  |d 1941- 
610 1 0 |a United States.  |b Office of Fair Housing and Equal Opportunity  |x Officials and employees  |x Selection and appointment. 
655 7 |a Electronic books.  |2 local 
710 2 |a ProQuest (Firm) 
776 0 8 |i Print version:  |a United States. Congress. Senate. Committee on Banking, Housing, and Urban Affairs.  |t Nomination of Gordon H. Mansfield  |w (OCoLC)21232852  |w gp 90010417 
776 0 8 |i Microfiche version:  |a United States. Congress. Senate. Committee on Banking, Housing, and Urban Affairs.  |t Nomination of Gordon H. Mansfield.  |d [Bethesda, Md.] : ProQuest,[2004]  |o CIS 90 S241-6  |w (ProQuest)cis09001907 
810 1 |a United States.  |b Congress.  |b Senate.  |t S. hrg. ;  |v 101-415. 
830 0 |a U.S. Congressional Hearings. 
856 4 0 |u http://proxy.library.tamu.edu/login?url=http://congressional.proquest.com/congcomp/getdoc?HEARING-ID=HRG-1989-BHU-0052  |z Connect to the full text of this electronic book  |t 0 
998 |a cis09001907 
999 |a MARS 
999 f f |s b65e6683-d04b-3e01-a521-a87b525223b1  |i b4513a50-c5a7-3576-92ad-63ee30d92dea  |t 0 
952 f f |a Texas A&M University  |b College Station  |c Electronic Resources  |d Available Online  |t 0  |e HRG-1989-BHU-0052  |h Other scheme 
998 f f |a HRG-1989-BHU-0052  |t 0  |l Available Online